00918nam a2200241 a 4500001001000000003000500010005001700015008004100032010001100073011001100084040000900095100002500104245014800129260004100277500006000318502007700378650004000455650002400495650003000519650002900549650002800578856007000606000114126CHAP20220329144428.0171106s2017 mx a fsm |||||||spa d a110587 a111559 cCHAP1 aRangel Cruz, Alfonso10aComparación de tres dosis de fertilización para Zarzamora (Rubus spp) en Ciudad Guzmán, Jalisco /h[En línea]cpor Alfonso Rangel Cruz. aChapingo, Méx. :bEl autor,c2017. aPara ver el contenido del material haga clic en la liga aTesis (Ing. Agr. Esp. en Fitotecnia) -- UACH. Departamento de Fitotecnia14aFertilizantesxEfecto en zarzamora.14aZarzamoraxCalidad.14aZarzamoraxExportación.14aZarzamoraxProducción.14aZarzamoraxRendimiento. aFinding aiduhttp://10.13.5.2/tesis/sist114126.pdfzTeclea aquí